Multiple-Choice-Stadtquiz Lübeck - Statistiken

Allgemein
  • Dieses Quiz wurde 1.143 mal gespielt
  • Das Durchschnittsergebnis liegt bei 8 aus 10
Antwortstatistiken
Frage Antwort % Korrekt
Lübeck ist Mitglied welcher historischen Städtegemeinschaft? Hanse
93%
In welchem Bundesland liegt Lübeck? Schleswig-Holstein
93%
Welches süße Produkt ist untrennbar mit Lübeck verbunden? Marzipan
90%
Dieser Fluss mündet in welches Gewässer? Ostsee
89%
Welcher gotische Bau ist das Wahrzeichen Lübecks? Holstentor
87%
Welcher ist der bedeutendste Fluss, der durch Lübeck fließt? Trave
85%
Was ist die Altstadt von Lübeck seit 1987? UNESCO-Weltkulturerbe
76%
Für welchen in Lübeck spielenden Roman erhielt Thomas Mann 1929 den Nobelpreis für Literatur? Buddenbrooks
74%
Welche Aussage über die Altstadt von Lübeck stimmt? Sie liegt auf einer Insel
49%
Was für historische Lagerhäuser findet man in der Altstadt von Lübeck? Salzspeicher
47%
Keine übereinstimmenden Quizze gefunden
Verteilung der Resultate
Anzahl Personen mit jedem Resultat
Perzentil nach korrekt beantworteten Fragen
Ihre Resultats-Entwicklung
Sie haben dieses Quiz noch nicht gespielt